ბათუმის შოთა რუსთაველის სახელმწიფო უნივერსიტეტის ბიბლიოთეკა

სისხლის პლაზმის პროთეინების რაოდენობრივი ცვლილებების შესწავლისათვის ზოგიერთი შინაგანი სნეულებით დაავადებულთა შორის / (ბიბ.ჩანაწერი № 62051)

000 -ლიდერი
ფიქსირებული სიგრძის საკონტროლო ველი 01183nam a22002057a 4500
003 - საკონტროლო ნომრის იდენტიფიკატორი
საკონტროლო ველი Ge_BSU
005 - ბოლო ოპერაციის თარიღი და დრო
საკონტროლო ველი 20240627154605.0
008 - ფიქსირებული სიგრძის მონაცემთა ელემენტები - ზოგადი ინფორმაცია
ფიქსირებული სიგრძის საკონტროლო ველი 240627s1957 ge ||||| |||| 00| 0 geo d
041 ## - ენის კოდი
Language code of text/sound track or separate title geo
080 ## - უნივერსალური ათობითი კლასიფიკაციის ინდექსი
Universal Decimal Classification number 612.11 რ-76
100 ## - მთავარი ჩანაწერი - პიროვნების სახელი
Personal name როინიშვილი, ვ.
9 (RLIN) 22614
245 ## - ცნობა სათაურის შესახებ
Title სისხლის პლაზმის პროთეინების რაოდენობრივი ცვლილებების შესწავლისათვის ზოგიერთი შინაგანი სნეულებით დაავადებულთა შორის /
Statement of responsibility, etc ვ. როინიშვილი; რედ. ი. ჯავახიშვილი.
264 ## - წარმოების, გამოცემის, დისტრიბუციის და სხვა ცნობები
გამოცემის, წარმოების, დისტრიბუციის... ადგილი თბილისი :
გამოცემის, წარმოების, დისტრიბუციის... სახელწოდება საქმედგამი,
გამოცემის, წარმოების, დისტრიბუციის... თარიღი 1957.
300 ## - ფიზიკური აღწერა
Extent 51 გვ. ;
Other physical details 21 სმ.
490 ## - სერიის ცნობა
Series statement ექიმის ბიბლიოთეკა
653 ## - INDEX TERM--UNCONTROLLED
Uncontrolled term პროთეინების ცვლილებები სისხლის პლაზმაში
653 ## - INDEX TERM--UNCONTROLLED
Uncontrolled term მედიცინა
700 ## - ADDED ENTRY--PERSONAL NAME
Personal name ჯავახიშვილი, ი.
Relator term რედაქტორი
9 (RLIN) 22615
942 ## - ADDED ENTRY ELEMENTS (KOHA)
Source of classification or shelving scheme
Koha item type წიგნი
ეგზემპლარები
ჩამოწერის სტატუსი დაკარგული ეგზემპლარის სტატუსი კლასიფიკაციის წყარო ან თაროზე გაწყობის სქემა დაზიანების სტატუსი არ გაიცემა მუდმივი მდებარეობა (დაცვის ადგილი) ამჟამინდელი ადგილსამყოფელი თაროზე განთავსების ადგილი შეძენის თარიღი ღირებულება, შესყიდვის ნორმალური ფასი სრული შენახვის შიფრი შტრიხკოდი ბოლო ოპერაციის თარიღი ეგზემპლარის მიმდევრობითი ნომერი (კეტერი?) ფასის ძალაში შესვლის თარიღი ეგზემპლარის სახეობა საჯარო შენიშვნა
          ბათუმის შოთა რუსთაველის სახელმწიფო უნივერსიტეტის მთავარი ბიბლიოთეკა ბათუმის შოთა რუსთაველის სახელმწიფო უნივერსიტეტის მთავარი ბიბლიოთეკა წიგნსაცავი 2024-06-27 0.26 612.11 რ-76 68356 2024-06-27 68356 2024-06-27 წიგნი 0.26 თ.